00449nam a2200145Ia 4500003000400000008004100004040001600045082001600061100002100077245010000098260005100198300000900249650002500258650002000283GCL140319s9999 xx 000 0 eng d aGCL / cGCL04a880.09bE C1 aEASTERLING, P.E.10aTHE CAMBRIDGE HISTORY OF DASSICAL LITERATUSE EARLY GREEK POETRY V.I PART I / cEASTERLING, P.E. a[S.N] : bCAMBRIDGE UNIVERSITY PRESS ، c1990 a251P04aCLASSICAL LITERATURE04aCRITICAL POETRY